| 000 | 01023nam a2200265Ia 4500 | ||
|---|---|---|---|
| 001 | ebr10678208 | ||
| 003 | CaPaEBR | ||
| 006 | m u | ||
| 007 | cr cn||||||||| | ||
| 008 | 130329s2004 fr s 000 0 eng d | ||
| 020 | _z9781847356581 | ||
| 020 | _z9781847356604 | ||
| 040 |
_aCaPaEBR _cCaPaEBR |
||
| 035 | _a(OCoLC)847619206 | ||
| 050 | 1 | 4 |
_aQK981 _b.I47 2004eb |
| 245 | 0 | 0 |
_aImprovement of cocoa tree resistance to Phytophthora diseases _h[electronic resource] / _cChristian Cilas and Denis Despreaux, editors. |
| 260 |
_aVersailles : _bQuae, _c2004. |
||
| 300 | _a171 p. | ||
| 533 |
_aElectronic reproduction. _bPalo Alto, Calif. : _cebrary, _d2013. _nAvailable via World Wide Web. _nAccess may be limited to ebrary affiliated libraries. |
||
| 650 | 0 | _aPlant genetics. | |
| 650 | 0 | _aPlant breeding. | |
| 655 | 7 |
_aElectronic books. _2local |
|
| 710 | 2 | _aebrary, Inc. | |
| 856 | 4 | 0 |
_uhttp://site.ebrary.com/lib/rucke/Doc?id=10678208 _zAn electronic book accessible through the World Wide Web; click to view |
| 999 |
_c59447 _d59447 |
||